• 首页
  • 本馆介绍
  • 公告通知
  • 最新文献
  • 馆藏检索
  • 电子资源
  • 读者导购
  • 参考咨询
  • 我的图书馆
  • 登录
  • 详细信息显示
  • 放入我的书架
  • 预约/预借图书
  • 作者相关作品
  • 分类相关作品
  • 丛书相关作品
  • 出版社相关作品

书目信息

  • 表格格式
  • 工作单格式
  • 卡片格式
题名:
社会保障的道德风险与负激励问题
    
 
作者: 刘燕生 著
分册:  
出版信息: 北京   中国劳动社会保障出版社  2009
页数: 321页
开本: 23cm
丛书名:
单 册:
中图分类: D632.1
科图分类:
主题词: 社会保障--福利制度--研究--中国 , 社会保障 , 福利制度
电子资源:
ISBN: 978-7-5045-7448-0
000 00911nam0 2200265 450
001 100428635548
005 20110224090110.67
010    @a978-7-5045-7448-0@dCNY42.00
035    @a004280844
100    @a20090929d2009 em y0chiy0110 ea
101 0  @achi
102    @aCN@b110000
105    @ay z 000yy
106    @ar
200 1  @a社会保障的道德风险与负激励问题@9she hui bao zhang de kao shi dao de feng xian yu fu ji li wen ti@f刘燕生著
210    @a北京@c中国劳动社会保障出版社@d2009
215    @a321页@d23cm
330    @a本书内容包括:总论、社会保障道德风险的理论与经济学分析、养老保险的反欺诈与道德风险防范、医疗保险的反欺诈与道德风险防范等共六章。
606 0  @a社会保障@x福利制度@x研究@y中国
606 0  @a社会保障
606 0  @a福利制度
690    @aD632.1@v4
701  0 @a刘燕生@9liu yan sheng@f(1948~)@4著
801  0 @aCN@bNLC@c20110224
905    @b205996494-528@h599649-52@dD632.1@e160@f4
    
    社会保障的道德风险与负激励问题/刘燕生著.-北京:中国劳动社会保障出版社,2009
    321页;23cm
    
    
    ISBN 978-7-5045-7448-0:CNY42.00
    本书内容包括:总论、社会保障道德风险的理论与经济学分析、养老保险的反欺诈与道德风险防范、医疗保险的反欺诈与道德风险防范等共六章。
●
相关链接 在E读中查询图书 在五车中查询图书 在当当中查询图书 在豆瓣中查询图书


正题名:社会保障的道德风险与负激励问题     索取号:D632.1/160         预约/预借

序号 登录号 条形码 馆藏地/架位号 状态 备注
1 599649   205996494   第一样本阅览室/ [索取号:D632.1/160] 在馆    
2 599650   205996500   密集书库-史法系/ [索取号:D632.1/160] 在馆    
3 599651   205996519   第一借阅区/ [索取号:D632.1/160] 在馆    
4 599652   205996528   第一借阅区/ [索取号:D632.1/160] 在馆    
唐山师范学院图书馆 欢迎您!
大连网信软件有限公司© 版权所有